Sex and the golden goddess /

محفوظ في:

المؤلف الرئيسي: Landgráfová, Renata.

مؤلفون آخرون: Navrátilová, Hana

التنسيق: كتاب

اللغة: English

منشور في: Prague : Czech Institute of Egyptology, 2009-

الموضوعات:

الوسوم: إضافة وسم

لا توجد وسوم, كن أول من يضع وسما على هذه التسجيلة!

رقم الطلب: PJ1945 .L26 v.1-2

LEADER 01285nam a22003137a 4500
003 OSt
005 20251027110544.0
008 251027m20099999xr b 001 0 eng d
020 |a 9788073082390 
020 |a 9788073085865 
040 |c ARCE Library 
043 |a f-ua--- 
050 1 4 |a PJ1945  |b .L26 v.1-2 
100 1 |a Landgráfová, Renata. 
245 1 0 |a Sex and the golden goddess /   |c Renata Landgráfová and Hana Navrátilová.  |h   
264 1 |a Prague :  |b Czech Institute of Egyptology,   |c 2009- 
300 |a volumes ;   |c 24 cm +   |e 1 sound recording (4 3/4 inches) 
500 |a Accompanying volume 1 is an AudCD with title: Songs of the Golden Goddess. 
500 |a Vol. 1 sources include papyrus Chester Beatty I, papyrus Harris 500, and papyrus Turin 1996. 
504 |a Includes bibliographical references and indexes. 
505 1 0 |a I: Ancient Egyptian love songs in context II: World of the love songs / edited by Hana Navrátilová and Renata Landgráfová. 
630 0 0 |a Papyrus Chester Beatty I. 
650 0 |a Love poetry, Egyptian   |x History and criticism. 
650 0 |a Love songs   |z Egypt   |v Translations into English. 
700 |a Navrátilová, Hana,   |9 36772 
740 2 |a Songs of the Golden Goddess. 
901 |a reviewed 
942 |c BK  |2 lcc 
999 |c 1300  |d 1300